00510nam a2200193 a 4500001001300000003000900013005001700022008004100039020000800080082001500088100002900103245002200132260004100154300000900195500003500204505002800239650002000267700002900287nice12345678IN_TiNIC20260116011349.0050524s1307 luca grp 000 0 eng  ac000a297.2bTUS aTusi, Abu Jafar Mohammad aKitab Al-Istabsar aLucknowbGulzar-E-syedi Press c1307 a170p aincludes index and biblioraphy2 afour parts in two vols. aIslam-Doctrines1 aTusi, Abu Jafar Mohammad